000 00339nam a2200145Ia 4500
008 230917s9999||||xx |||||||||||||| ||und||
040 _e50690
_aMAIN
041 _aEnglish
082 _a824.09 B956C
100 _aBurton, S H
245 0 _aCriticism of prose
260 _aLondon
_bLongman
_c1973
300 _avii, 144 p.
942 _cBK
999 _c191281
_d191281